| 000 | 00416nam a22001577a 4500 | ||
|---|---|---|---|
| 005 | 20251201143023.0 | ||
| 008 | 251201b |||||||| |||| 00| 0 eng d | ||
| 020 | _a13:978-93-90727-35-3 | ||
| 050 | _aQA 39.2.R67 2019 | ||
| 100 | _aROSEN KENNETH H. | ||
| 245 | _aDISCRETE MATHEMATICS AND ITS APPLICATIONS | ||
| 260 |
_aNEWYORK _bMCGRAWHILL _c2019 |
||
| 300 | _aX,999 | ||
| 650 | _aMathematics | ||
| 942 |
_2lcc _cBK |
||
| 999 |
_c216323 _d216323 |
||